Дело о назначении академика Купфера ученым хранителем мер и весов. Тут же о доставлении в Академию наук копий с образцов мер и в...

Доступно только в Электронных читальных залах Найти на картеНа карте
RUSMARC
00003626nmc2a22002413x 450
001f0f6cf01-ae63-409f-b161-96d4cd944b94
00520250621190642.0
100##$a20241209l18421843k l0rusy0189 ca
1010#$arus
102##$aRU
105##$ay###
1222#$ad
2001#$aДело о назначении академика Купфера ученым хранителем мер и весов. Тут же о доставлении в Академию наук копий с образцов мер и весов
$j23 июня 1842 г. - 24 июля 1843 г.
215##$a15 л.
$d36,5х26 см
251##$cДело
300##$aНа обложке указано: "№83"
371##$aДокумент не является опубликованным и широко распространяемым
461#0$10012b5b8419-5ce4-4d16-a7a3-85720a295f1f
$12001
$aКанцелярия министра народного просвещения
$1251
$cФонд
$1852
$j735
462#0$1001562cc287-b13c-4f02-8029-f81535ba1e2e
$12001
$aКанцелярия министра народного просвещения
$1251
$cОпись
$1852
$j2
801#0$aRU
$bРГИА
$c20241209
$gRCR
801#1$aRU
$bГлавНИВЦ
$c20241209
$2rusmarc
801#2$aRU
$bПБ им. Б.Н. Ельцина
$c20250621
$gRCR
$2rusmarc
850##$aРГИА
852##$aРГИА
$eФедеральное казенное учреждение "Российский государственный исторический архив" (РГИА)
$j327
937##$hРГИА
$d12421245
$aASBIBLIO_SCAN
035##$aRusGRCC00083123
856##$uhttp://readingroom.main.prlib.ru/item.aspx?id_node=n196849241&mode=full
Формат отображения